Detalles MARC
| 000 -LÍDER |
| Campo fijo de descripción fija |
02942nmm a22003857i 4500 |
| 001 - NÚMERO DE CONTROL |
| Campo de control |
768714001 |
| 003 - IDENTIFICADOR DEL NÚMERO DE CONTROL |
| Campo de control |
CO-MdFUSB |
| 005 - FECHA Y HORA DE LA ULTIMA TRANSACCIÓN |
| control field |
20250731144545.0 |
| 007 - CAMPO FIJO DE DESCRIPCIÓN FIJA--INFORMACIÓN GENERAL |
| Campo fijo de descripción fija |
cr aa aaaaa |
| 008 - ELEMENTOS DE LONGITUD FIJA -- INFORMACIÓN GENERAL |
| Campo fijo de descripción fija -- Información general |
180403s2020 ck ||||| |||| 00| 0 spa d |
| 040 ## - FUENTE DE CATALOGACIÓN |
| Agencia de catalogación original |
CO-MdFUSB |
| Idioma de catalogación |
Español |
| Agencia que realiza la transcripción |
CO-MdFUSB |
| Agencia que realiza la modificación |
CO-MdFUSB |
| 041 ## - CÓDIGO DE IDIOMA |
| Código de idioma para texto/pista de sonido o título separado |
spa |
| 043 ## - CÓDIGO DE ÁREA GEOGRÁFICA |
| Código de área geográfica |
ck |
| 084 ## - OTRO NUMERO DE CLASIFICACIÓN |
| Número de clasificación |
T CD0118 |
| 100 ## - ASIENTO PRINCIPAL--NOMBRE PERSONAL |
| Nombre personal |
Díaz Caly, Rodrigo de Jesús. |
| Término relacionador |
autor |
| 245 03 - TÍTULO |
| Título del Material |
La huerta familiar como respuesta a la injusticia social a la luz de Amós 8:4-8 |
| Mención de responsabilidad, etc. |
/ Rodrigo de Jesús Díaz Caly ; asesorado por Milton Acosta |
| Medio físico |
[electrónico] |
| 264 #1 - PRODUCTION, PUBLICATION, DISTRIBUTION, MANUFACTURE, AND COPYRIGHT NOTICE |
| Lugar de procducción, publication, distribution, manufacture |
Medellín, Colombia : |
| Nombre del productor, publicador, distribuidor y manofactura |
FUSBC, |
| Fecha de producción, distribución, manufactura, o nota de copyright |
2020 |
| 300 ## - DESCRIPCIÓN FÍSICA |
| Extensión |
1 disco compacto (CD-ROM) |
| 336 ## - TIPO DE CONTENIDO |
| Fuente |
rdacontent |
| Tipo de contenido |
programa de ordenador |
| Content type code |
cop |
| 337 ## - TIPO DE MEDIO |
| Fuente |
rdamedia |
| Tipo de medio |
informático |
| Código |
c |
| 338 ## - TIPO DE SOPORTE |
| Fuente |
rdacarrier |
| rdacarrier |
disco compacto |
| Código |
cd |
| 502 ## - NOTA DE TESIS |
| Nota de Tesis |
Trabajo de grado |
| Tipo de estudio |
(Teología) -- |
| Nombre de la Institución del grado |
Fundación Universitaria Seminario Bíblico de Colombia, |
| Año de graduación |
2020 |
| 504 ## - NOTA DE BIBLIOGRAFÍA, ETC. |
| Nota de bibliografía, etc |
Bibliografía (páginas 32-35) |
| 505 ## - NOTA DE CONTENIDO |
| Nota de contenido con formato preestablecido |
El contexto sociocultural del tiempo del profeta Amós. -- Exégesis de Amós 8:4-8. -- El llamado hacia los que practican la injusticia (v. 4). -- La denuncia sobre la injusticia cometida por los comerciantes (vv. 5-6). -- El juicio sobre los que practican la injusticia (vv. 7-8). -- Contextualización: Las arroceras oprimen a los campesinos. -- El papel del profeta en el Antiguo Testamento y el ejercicio profético de la iglesia hoy. -- Elaboración teológica, Dios defiende a los pobres. -- La solución; ¿qué dice la Biblia sobre los huertos? -- La solución, una huerta familiar como respuesta a la injusticia social en La Mojana. -- Semillas criollas – semillas malas. -- Economía solidaria – pobreza. -- Seguridad alimentaria. -- Policultivo. -- Conclusiones. |
| 506 ## - NOTA DE RESTRICCIONES DE ACCESO |
| Condiciones de acceso |
Préstamo en sala |
| 520 ## - NOTA DE RESUMEN, ETC. |
| Nota de sumario, etc. |
En Amós 8:4-8 se encuentra a Dios exponiendo públicamente a los opresores. El profeta Amós representa a Dios al hacer una denuncia social en este oráculo (Amós 8:4-8) a favor de los campesinos que están siendo oprimidos por los comerciantes. La opresión que vivieron los campesinos en la época del profeta Amós es paralela a la que viven los campesinos en la Mojana en el departamento de Sucre por parte de las empresas arroceras. Este artículo presenta a las huertas o hortalizas como respuesta a esta injusticia social. Además, invita a la iglesia a ejercer su papel profético frente a la opresión que viven los campesinos. En este sentido proponemos una revolución pacífica, pero no por ello menos liberadora; se trata de una vuelta a las sendas antiguas, a la comunidad y a la verdadera cultura campesina. |
| 535 ## - LOCALIZACIÓN DE ORIGINALES / DUPLICADOS Y NOTAS |
| Custodian |
Recurso en línea REPCI |
| 650 #7 - ASIENTO SECUNDARIO DE MATERIA - TERMINO TEMÁTICO |
| 9 (RLIN) |
3 |
| Término temático o nombre geográfico como elemento de entrada |
Cultura |
| 650 #0 - ASIENTO SECUNDARIO DE MATERIA - TERMINO TEMÁTICO |
| 9 (RLIN) |
5 |
| Término temático o nombre geográfico como elemento de entrada |
Sociología de la cultura |
| 653 ## - TERMINO DE INDIZACION - NO CONTROLADO |
| Término de indización no controlado |
Teologia social |
| 653 ## - TERMINO DE INDIZACION - NO CONTROLADO |
| Término de indización no controlado |
Cristianismo y cultura |
| 700 ## - ASIENTO SECUNDARIO - NOMBRE PERSONAL |
| 9 (RLIN) |
93 |
| Nombre personal |
Acosta, Milton |
| Responsabilidad |
asesor |
| 856 ## - LOCALIZACIÓN Y ACCESO ELECTRÓNICOS |
| Nombre del sitio |
REPCI |
| Identificador Uniforme del Recurso |
https://repositorio.repci.co/handle/123456789/599 |
| 942 ## - TIPO DE MATERIAL (KOHA) |
| Tipo de Item KOHA |
Trabajos de Grado |